[Event "Chigorin Memorial"]
[Site "St Petersburg"]
[Date "2015.10.05"]
[Round "3.109"]
[White "Kuzmin, Egor"]
[Black "Ustich, Ekaterina"]
[Result "1-0"]
[WhiteElo "2232"]
[BlackElo "1996"]
[PlyCount "113"]
[EventDate "2015.10.03"]
[EventRounds "9"]
[EventCountry "RUS"]

1. Nf3 Nf6 2. c4 e6 3. Nc3 d5 4. d4 Be7 5. Bg5 O-O 6. cxd5 exd5 7. Qc2 c6 8. e3
h6 9. Bf4 Bd6 10. Bg3 Re8 11. Bd3 Qe7 12. Bxd6 Qxd6 13. O-O Nbd7 14. Rab1 Qe7
15. b4 a6 16. a4 Ne4 17. b5 Nxc3 18. Qxc3 cxb5 19. axb5 a5 20. Qc7 Nf8 21. Rfc1
Qxc7 22. Rxc7 Ne6 23. Rc3 b6 24. Rc6 Rb8 25. Ne5 Rd8 26. Rc2 Bd7 27. Nxd7 Rxd7
28. Rbc1 Kf8 29. Kf1 Ke7 30. Bf5 g6 31. Bg4 Rd6 32. Bf3 Rd7 33. Ke2 Ra8 34. Rc6
Rb8 35. Kd3 Nd8 36. Rc8 Rxc8 37. Rxc8 Rd6 38. Ra8 Ne6 39. Ra7+ Kf6 40. Bg4 h5
41. Bxe6 Kxe6 42. Rb7 f5 43. h4 Kf6 44. f3 Ke6 45. e4 fxe4+ 46. fxe4 dxe4+ 47.
Kxe4 Kf6 48. d5 g5 49. hxg5+ Kxg5 50. Ke5 Rd8 51. Rxb6 a4 52. Ra6 Rb8 53. b6 a3
54. Kd6 Rd8+ 55. Kc7 Rxd5 56. b7 Rc5+ 57. Kb6 1-0

[Event "Chigorin Memorial"]
[Site "St Petersburg"]
[Date "2015.10.05"]
[Round "3.110"]
[White "Khalaji, Hanieh"]
[Black "Orlov, Konstantin"]
[Result "1/2-1/2"]
[WhiteElo "2006"]
[BlackElo "2222"]
[PlyCount "80"]
[EventDate "2015.10.03"]
[EventRounds "9"]
[EventCountry "RUS"]

1. e4 c5 2. Nc3 Nc6 3. g3 g6 4. Bg2 Bg7 5. d3 Nf6 6. f4 d6 7. Nf3 O-O 8. O-O
Rb8 9. h3 b5 10. g4 b4 11. Ne2 c4 12. f5 cxd3 13. cxd3 Ba6 14. Be3 Qa5 15. Qd2
Qb5 16. Rad1 Nxe4 17. Qe1 Nc5 18. Nf4 Bb7 19. d4 Nd7 20. Qh4 Nf6 21. Rfe1 gxf5
22. g5 Ne4 23. Nh5 e6 24. Nf6+ Bxf6 25. gxf6 Kh8 26. Bh6 Rg8 27. d5 Qc5+ 28.
Kh2 Nd8 29. Ng5 Bxd5 30. Bxe4 Bxe4 31. Bg7+ Rxg7 32. fxg7+ Kxg7 33. Nxe4 fxe4
34. Qxe4 b3 35. axb3 Rxb3 36. Rg1+ Kf8 37. Rg2 Nc6 38. Qxh7 Qe5+ 39. Kh1 Qf4
40. Kg1 Ne5 1/2-1/2

[Event "Chigorin Memorial"]
[Site "St Petersburg"]
[Date "2015.10.05"]
[Round "3.111"]
[White "Vinod, G."]
[Black "Schetchikov, Vladimir"]
[Result "1/2-1/2"]
[WhiteElo "1990"]
[BlackElo "2222"]
[PlyCount "81"]
[EventDate "2015.10.03"]
[EventRounds "9"]
[EventCountry "RUS"]

1. c4 c5 2. Nf3 Nc6 3. g3 g6 4. Bg2 Bg7 5. O-O d6 6. Nc3 e6 7. e3 Nge7 8. d4
O-O 9. dxc5 dxc5 10. Qe2 a6 11. Bd2 Qc7 12. Rab1 b6 13. Rfd1 Bb7 14. Na4 Rad8
15. a3 Rd7 16. Bc3 Rxd1+ 17. Rxd1 e5 18. Qc2 h6 19. b4 cxb4 20. axb4 a5 21.
bxa5 Nxa5 22. Nxb6 Bxf3 23. Bxa5 Bxd1 24. Qxd1 Nc6 25. Bxc6 Qxc6 26. Qd5 Qxd5
27. cxd5 e4 28. d6 Rd8 29. Nc4 Rd7 30. Bc7 Kf8 31. Nb6 Ke8 32. Kf1 Be5 33. Ke2
Bxd6 34. Nxd7 Kxd7 35. Bxd6 Kxd6 36. Kd2 Kd5 37. Kc3 Kc5 38. h3 f5 39. h4 g5
40. hxg5 hxg5 41. Kb3 1/2-1/2

[Event "Chigorin Memorial"]
[Site "St Petersburg"]
[Date "2015.10.05"]
[Round "3.112"]
[White "Abramov, Nikita"]
[Black "Kuryshev, Ivan"]
[Result "1-0"]
[WhiteElo "2222"]
[BlackElo "1989"]
[PlyCount "57"]
[EventDate "2015.10.03"]
[EventRounds "9"]
[EventCountry "RUS"]

1. c4 c5 2. Nf3 g6 3. Nc3 Bg7 4. d4 cxd4 5. Nxd4 Nc6 6. Nc2 Nf6 7. g3 O-O 8.
Bg2 d6 9. O-O Be6 10. b3 Qa5 11. Bd2 Qh5 12. e4 Bg4 13. f3 Bh3 14. Qe2 Nd7 15.
Qf2 Bxg2 16. Qxg2 Qc5+ 17. Kh1 a6 18. Rac1 b5 19. cxb5 axb5 20. Ne3 Bxc3 21.
Rxc3 Qd4 22. Rxc6 Rxa2 23. Bc3 Qa7 24. Nd5 Ne5 25. Rc7 Qa8 26. Qh3 e6 27. Nf6+
Kg7 28. Ng4 b4 29. Qh6+ 1-0

[Event "Chigorin Memorial"]
[Site "St Petersburg"]
[Date "2015.10.05"]
[Round "3.113"]
[White "Bubnov, Kirill"]
[Black "Mesnyankin, Nikita"]
[Result "0-1"]
[WhiteElo "1988"]
[BlackElo "2218"]
[PlyCount "92"]
[EventDate "2015.10.03"]
[EventRounds "9"]
[EventCountry "RUS"]

1. d4 Nf6 2. Nf3 d5 3. c4 e6 4. cxd5 exd5 5. Nc3 Nbd7 6. Bg5 Bb4 7. e3 c5 8.
Bb5 Qa5 9. O-O Bxc3 10. Bxd7+ Bxd7 11. bxc3 c4 12. Ne5 Be6 13. Bxf6 gxf6 14.
Ng4 Qd8 15. e4 dxe4 16. Ne3 Qa5 17. d5 O-O-O 18. Qd4 Bxd5 19. Nxd5 Qxd5 20.
Qxa7 Rhg8 21. g3 Rg5 22. a4 Qc5 23. Qxc5+ Rxc5 24. a5 Rc6 25. Ra4 Rd3 26. Rc1
Kb8 27. Kf1 Ka7 28. Ke2 Ka6 29. Rb4 f5 30. h4 h5 31. Rc2 f4 32. gxf4 f5 33.
Rcb2 Rxc3 34. Rxb7 Rd3 35. Rb8 Ka7 36. R2b7+ Ka6 37. Rb2 Rd7 38. Ra8+ Ra7 39.
Rxa7+ Kxa7 40. Ke3 c3 41. Rc2 Rc4 42. f3 exf3 43. Kxf3 Ka6 44. Ke3 Kxa5 45. Kd3
Kb4 46. Rc1 c2 0-1

[Event "Chigorin Memorial"]
[Site "St Petersburg"]
[Date "2015.10.05"]
[Round "3.114"]
[White "Urazayev, Arystanbek"]
[Black "Khmelev, Mikhail"]
[Result "1-0"]
[WhiteElo "2217"]
[BlackElo "1988"]
[PlyCount "167"]
[EventDate "2015.10.03"]
[EventRounds "9"]
[EventCountry "RUS"]

1. e4 c5 2. d4 cxd4 3. c3 d5 4. exd5 Qxd5 5. cxd4 Nc6 6. Nf3 Bg4 7. Be2 e6 8.
Nc3 Bb4 9. O-O Bxc3 10. bxc3 Nge7 11. c4 Qd6 12. Bb2 O-O 13. Qd2 Ng6 14. d5
exd5 15. cxd5 Bxf3 16. Bxf3 Nce5 17. Be2 Rfd8 18. Rfd1 Rac8 19. Rac1 Rxc1 20.
Qxc1 h6 21. Qe3 b6 22. h4 Nd7 23. h5 Nf4 24. Bf3 Rc8 25. Rd4 g5 26. hxg6 Nxg6
27. Qxh6 Nde5 28. Bd1 Qf8 29. Qxf8+ Nxf8 30. Bb3 Nfd7 31. Re4 Nd3 32. Rg4+ Kf8
33. Ba3+ N7c5 34. Rd4 Ke8 35. Bc4 Ne5 36. Bb5+ Kd8 37. Rh4 Kc7 38. f4 Ng6 39.
Rh7 Rf8 40. g3 Kd6 41. Bc4 Ne7 42. Rh5 Rg8 43. Kg2 Rg6 44. Kf3 f5 45. Bb2 Ne4
46. Ba3+ Nc5 47. Rh8 Ng8 48. Rh5 Ne7 49. Rh1 Kd7 50. Bxc5 bxc5 51. Rh8 Rb6 52.
Ke3 Rb4 53. Kd3 Rb1 54. Ra8 Nc8 55. Ba6 Nb6 56. Rxa7+ Kd6 57. Rf7 Nxd5 58. Rxf5
Rd1+ 59. Ke2 Rd4 60. Bb7 Nc3+ 61. Ke3 Nxa2 62. g4 Rb4 63. Be4 Nc3 64. Bf3 Rd4
65. g5 Nd1+ 66. Bxd1 Rxd1 67. g6 Rg1 68. Rf6+ Kd5 69. f5 c4 70. Rf7 c3 71. Kd3
Rg3+ 72. Kc2 Kc4 73. Rc7+ Kd4 74. g7 Rg2+ 75. Kb3 Rb2+ 76. Ka3 Rg2 77. f6 Ke5
78. f7 Rxg7 79. Rc5+ Kd4 80. f8=Q Ra7+ 81. Kb3 Rb7+ 82. Kc2 Rb2+ 83. Kc1 Rg2
84. Qd6+ 1-0

[Event "Chigorin Memorial"]
[Site "St Petersburg"]
[Date "2015.10.05"]
[Round "3.115"]
[White "Privorotsky, Oleg"]
[Black "Zhikharev, Valeriy"]
[Result "1/2-1/2"]
[WhiteElo "1985"]
[BlackElo "2212"]
[PlyCount "81"]
[EventDate "2015.10.03"]
[EventRounds "9"]
[EventCountry "RUS"]

1. e4 e6 2. d4 d5 3. Nd2 c5 4. exd5 Qxd5 5. Ngf3 cxd4 6. Bc4 Qd6 7. O-O Nf6 8.
Nb3 Nc6 9. Nbxd4 Nxd4 10. Nxd4 a6 11. Re1 Qc7 12. Bb3 Bd7 13. Qe2 O-O-O 14. c4
e5 15. Nc2 e4 16. Ne3 Bb4 17. Rd1 Bd6 18. h3 Kb8 19. Bd2 Bh2+ 20. Kh1 Be5 21.
Be1 h5 22. Nd5 Nxd5 23. Rxd5 f5 24. Ba5 b6 25. Bxb6 Qxb6 26. Rxe5 Qf6 27. Rd5
Bc6 28. Rxd8+ Rxd8 29. Rd1 Rxd1+ 30. Bxd1 Qd4 31. Qc2 g6 32. b4 f4 33. b5 axb5
34. cxb5 Bxb5 35. Qb1 Ka7 36. Qc2 Kb6 37. a4 Bc4 38. Be2 Bxe2 39. Qxe2 Qxa4 40.
Qb2+ Kc7 41. Qe5+ 1/2-1/2

[Event "Chigorin Memorial"]
[Site "St Petersburg"]
[Date "2015.10.05"]
[Round "3.116"]
[White "Stepanov, Andrey"]
[Black "Larin, Maxim"]
[Result "1-0"]
[WhiteElo "1980"]
[BlackElo "2199"]
[PlyCount "75"]
[EventDate "2015.10.03"]
[EventRounds "9"]
[EventCountry "RUS"]

1. e4 c5 2. Nf3 d6 3. d4 cxd4 4. Nxd4 Nf6 5. Nc3 g6 6. Be3 Bg7 7. f3 O-O 8. Qd2
Nc6 9. Bc4 Bd7 10. O-O-O Rc8 11. Bb3 Ne5 12. Kb1 Re8 13. g4 Qa5 14. h4 b5 15.
g5 Nh5 16. Ncxb5 Qa6 17. a4 Qb7 18. Bd5 Qa6 19. Qb4 e6 20. Bb3 d5 21. exd5 exd5
22. Bxd5 Ng3 23. Rhe1 Nf5 24. Bf2 Ne7 25. Bb3 Qb7 26. Qd2 Nf5 27. Nxf5 Bxf5 28.
Nd6 Qxf3 29. Bd4 Red8 30. Bxe5 Rxd6 31. Bxf7+ Kxf7 32. Qxd6 Rxc2 33. Ka1 Bf8
34. Qf6+ Kg8 35. Qh8+ Kf7 36. Qxh7+ Ke6 37. Bc3+ Re2 38. Qg8+ 1-0

[Event "Chigorin Memorial"]
[Site "St Petersburg"]
[Date "2015.10.05"]
[Round "3.117"]
[White "Purtov, Konstantin"]
[Black "Permin, Viktor"]
[Result "1-0"]
[WhiteElo "2199"]
[BlackElo "1978"]
[PlyCount "107"]
[EventDate "2015.10.03"]
[EventRounds "9"]
[EventCountry "RUS"]

1. e4 c5 2. Ne2 d6 3. g3 Nc6 4. Bg2 e5 5. c3 f5 6. d4 fxe4 7. Bxe4 Nf6 8. Bg2
Bf5 9. O-O Qc7 10. d5 Ne7 11. c4 g6 12. Nbc3 Bg7 13. h3 h5 14. f3 O-O 15. g4
Bd7 16. Ng3 hxg4 17. fxg4 Nh7 18. Be3 Rxf1+ 19. Qxf1 Rf8 20. Qd3 Bf6 21. Nge4
Be8 22. Rf1 Bg7 23. Rxf8+ Kxf8 24. Nxc5 dxc5 25. d6 Qd7 26. dxe7+ Qxe7 27. Nd5
Qd6 28. Qa3 b6 29. Qxa7 e4 30. Qxb6 Qxb6 31. Nxb6 Bxb2 32. Bxc5+ Kf7 33. Bxe4
Nf6 34. Bf3 Nd7 35. Nxd7 Bxd7 36. Kf2 Kf6 37. Bd6 Bd4+ 38. Ke2 Ke6 39. Bf4 Bc5
40. Kd3 Ba4 41. Be4 Kf6 42. g5+ Kf7 43. Kc3 Bd7 44. h4 Bf2 45. Kb4 Bxh4 46. c5
Be1+ 47. Kc4 Be6+ 48. Bd5 Bxd5+ 49. Kxd5 Ke7 50. c6 Bc3 51. Bd6+ Kd8 52. Ke6
Bd2 53. Kf6 Kc8 54. Kxg6 1-0

[Event "Chigorin Memorial"]
[Site "St Petersburg"]
[Date "2015.10.05"]
[Round "3.118"]
[White "Menkov, Aleksandr"]
[Black "Yakovlev, Yuri S"]
[Result "1-0"]
[WhiteElo "2197"]
[BlackElo "1971"]
[PlyCount "67"]
[EventDate "2015.10.03"]
[EventRounds "9"]
[EventCountry "RUS"]

1. Nf3 c5 2. g3 b5 3. e4 a6 4. a4 b4 5. Bg2 Bb7 6. d3 e6 7. O-O Be7 8. Nbd2 d6
9. Nc4 Nd7 10. Bf4 Nb6 11. Na5 Rb8 12. Nxb7 Rxb7 13. a5 Nd7 14. Nd2 e5 15. Be3
h5 16. Nc4 Nh6 17. Qxh5 Nf6 18. Qe2 Nhg4 19. h3 Nxe3 20. Qxe3 Nh5 21. Bf3 Nf6
22. Kg2 Kd7 23. c3 Kc7 24. Nb6 bxc3 25. bxc3 Kb8 26. d4 Rxb6 27. axb6 Qc8 28.
g4 Nd7 29. Rfb1 Kb7 30. Be2 c4 31. Ra4 Nxb6 32. Rxc4 Qd7 33. Rcb4 Bd8 34. d5
1-0

[Event "Chigorin Memorial"]
[Site "St Petersburg"]
[Date "2015.10.05"]
[Round "3.120"]
[White "Ngnegevo, Filipp"]
[Black "Evdokimov, Alexey"]
[Result "0-1"]
[WhiteElo "1937"]
[BlackElo "2193"]
[PlyCount "56"]
[EventDate "2015.10.03"]
[EventRounds "9"]
[EventCountry "RUS"]

1. e4 c5 2. Nf3 Nc6 3. d4 cxd4 4. Nxd4 g6 5. c4 Bg7 6. Nb3 Nf6 7. Nc3 d6 8. Be2
O-O 9. Be3 Be6 10. f4 Rc8 11. c5 Bxb3 12. Qxb3 dxc5 13. Qxb7 Nd4 14. e5 Nd7 15.
Rd1 Nb8 16. O-O Nbc6 17. Qa6 e6 18. Qc4 Qa5 19. Bf3 Nf5 20. Qxc5 Nxe3 21. Qxe3
Ne7 22. Rd7 Nf5 23. Qxa7 Qb4 24. Qb7 Qxf4 25. Rxf7 Bxe5 26. Rxf8+ Rxf8 27. g3
Nxg3 28. Nd5 Ne2+ 0-1

[Event "Chigorin Memorial"]
[Site "St Petersburg"]
[Date "2015.10.05"]
[Round "3.121"]
[White "Shpartko, Grigory"]
[Black "Fedoseeva, Valentina"]
[Result "1-0"]
[WhiteElo "2193"]
[BlackElo "1932"]
[PlyCount "95"]
[EventDate "2015.10.03"]
[EventRounds "9"]
[EventCountry "RUS"]

1. Nf3 Nf6 2. c4 e6 3. Nc3 d5 4. d4 c6 5. Bg5 Be7 6. e3 Ne4 7. Nxe4 dxe4 8.
Bxe7 Qxe7 9. Nd2 f5 10. c5 O-O 11. Nc4 Nd7 12. Nd6 h6 13. Bc4 Kh7 14. O-O e5
15. f3 Nf6 16. Qc2 Nd5 17. Rae1 exf3 18. Bxd5 cxd5 19. gxf3 e4 20. f4 Be6 21.
Kh1 Rg8 22. Qf2 g6 23. Rg1 Rg7 24. Rg3 Rag8 25. Reg1 a6 26. Qg2 Qf6 27. Qh3 Re7
28. b4 Rc7 29. Qg2 Rcg7 30. Qf1 Re7 31. b5 b6 32. bxa6 bxc5 33. dxc5 d4 34. Qa1
Qh8 35. Qxd4 Qxd4 36. exd4 e3 37. Re1 Bd5+ 38. Kg1 g5 39. Nxf5 Re4 40. fxg5 e2
41. Ne3 Rxd4 42. Nxd5 Rxd5 43. Rxe2 hxg5 44. Rc2 Rdd8 45. Ra3 Rd7 46. c6 Rc7
47. Rb3 Kg6 48. Rb7 1-0

[Event "Chigorin Memorial"]
[Site "St Petersburg"]
[Date "2015.10.05"]
[Round "3.122"]
[White "Grishaev, Igor"]
[Black "Basencyan, Mark"]
[Result "0-1"]
[WhiteElo "1922"]
[BlackElo "2187"]
[PlyCount "100"]
[EventDate "2015.10.03"]
[EventRounds "9"]
[EventCountry "RUS"]

1. e4 e5 2. Nf3 Nc6 3. Bb5 a6 4. Ba4 Nf6 5. O-O Be7 6. Re1 b5 7. Bb3 O-O 8. c3
d5 9. d3 dxe4 10. dxe4 Qxd1 11. Rxd1 Bc5 12. Nbd2 Bb7 13. h3 Rfe8 14. Bc2 Rad8
15. Re1 Nh5 16. Nf1 Nf4 17. Be3 Bf8 18. b4 Nd3 19. Re2 Nb8 20. Bg5 f6 21. Rd1
Nb2 22. Rxd8 Rxd8 23. Bb3+ Nc4 24. Bd2 Nd7 25. a4 Ndb6 26. a5 Nc8 27. Be1 N8d6
28. N3d2 Bc8 29. f3 Be6 30. Bf2 Kf7 31. Ba2 g6 32. Nb3 Nb7 33. Nbd2 Nxd2 34.
Bxe6+ Kxe6 35. Rxd2 Rxd2 36. Nxd2 c5 37. Bxc5 Bxc5+ 38. bxc5 Nxa5 39. Kf2 Nb7
40. Nb3 Kd7 41. f4 a5 42. f5 a4 43. fxg6 hxg6 44. Nc1 Nxc5 45. Ke3 Ke6 46. g4
g5 47. Na2 Kd6 48. Nb4 a3 49. Kf3 Na4 50. Na2 Nxc3 0-1

[Event "Chigorin Memorial"]
[Site "St Petersburg"]
[Date "2015.10.05"]
[Round "3.123"]
[White "Derakhshani, Borna"]
[Black "Gadzhiev, Farid"]
[Result "1/2-1/2"]
[WhiteElo "2186"]
[BlackElo "1894"]
[PlyCount "128"]
[EventDate "2015.10.03"]
[EventRounds "9"]
[EventCountry "RUS"]

1. e4 c5 2. Nf3 e6 3. d4 cxd4 4. Nxd4 Nf6 5. Nc3 d6 6. Be3 a6 7. Be2 Be7 8. O-O
O-O 9. f4 Qc7 10. Bf3 Nc6 11. Qe1 Nxd4 12. Bxd4 e5 13. Bf2 b5 14. a3 Bb7 15. f5
Rad8 16. Rd1 Bc6 17. Bh4 a5 18. Kh1 b4 19. Bxf6 Bxf6 20. axb4 axb4 21. Na2 b3
22. cxb3 Qb7 23. Nb4 Bb5 24. Rf2 Bg5 25. Nd5 Bc6 26. f6 Bxd5 27. exd5 Bxf6 28.
Be4 Qe7 29. Qf1 Bg5 30. Rc2 g6 31. Rc6 f5 32. Bd3 e4 33. Ba6 f4 34. Rc3 Bf6 35.
Rh3 Bxb2 36. Qe2 Qe5 37. b4 Bd4 38. Qc4 Be3 39. Qc7 h5 40. g4 fxg3 41. Rxg3 Bg5
42. Rdg1 Rf2 43. h4 Qb2 44. R3g2 Rxg2 45. Rxg2 Qa1+ 46. Rg1 Qxa6 47. hxg5 Rf8
48. Qc6 Qd3 49. Qxd6 Qh3+ 50. Qh2 Qxh2+ 51. Kxh2 Rd8 52. b5 Rxd5 53. Rb1 Rd7
54. b6 Rb7 55. Kg3 Kf7 56. Kf4 Ke6 57. Kxe4 Kd6 58. Rd1+ Kc6 59. Ke5 Rxb6 60.
Kf6 Kc5+ 61. Kg7 Kb5 62. Rf1 Ra6 63. Rf6 Rc6 64. Kxg6 h4 1/2-1/2

[Event "Chigorin Memorial"]
[Site "St Petersburg"]
[Date "2015.10.05"]
[Round "3.124"]
[White "Zhivotovskaya, Asya"]
[Black "Zherebtsova, Alexandra"]
[Result "1/2-1/2"]
[WhiteElo "1810"]
[BlackElo "2181"]
[PlyCount "72"]
[EventDate "2015.10.03"]
[EventRounds "9"]
[EventCountry "RUS"]

1. c4 e5 2. Nc3 Nc6 3. g3 g6 4. Bg2 Bg7 5. e4 d6 6. Nge2 Be6 7. Nd5 Qd7 8. d3
h5 9. h4 O-O-O 10. Be3 f5 11. Qd2 Nh6 12. f3 Kb8 13. O-O-O Rdf8 14. Kb1 Nd8 15.
Qa5 c5 16. Nec3 Nc6 17. Qa3 Rc8 18. Nb5 b6 19. Rc1 Nf7 20. Rc3 Nd4 21. Bxd4
exd4 22. Rb3 Bxd5 23. cxd5 Qb7 24. Qa4 a6 25. Na3 fxe4 26. fxe4 Ne5 27. Nc4
Nxc4 28. dxc4 Rhf8 29. Rf3 Rxf3 30. Bxf3 b5 31. Qc2 Ka7 32. Rh2 Be5 33. Rg2
bxc4 34. Qxc4 Rb8 35. b3 Qd7 36. Be2 Rb6 1/2-1/2

[Event "Chigorin Memorial"]
[Site "St Petersburg"]
[Date "2015.10.05"]
[Round "3.125"]
[White "Pyatin, Alexander"]
[Black "Mukhtarova, Viktoriya"]
[Result "1-0"]
[WhiteElo "2175"]
[BlackElo "1782"]
[PlyCount "127"]
[EventDate "2015.10.03"]
[EventRounds "9"]
[EventCountry "RUS"]

1. e4 c5 2. Nf3 Nc6 3. d4 cxd4 4. Nxd4 Nf6 5. Nc3 g6 6. g3 Bg7 7. Nde2 O-O 8.
Bg2 d6 9. O-O Rb8 10. a4 a6 11. b3 b5 12. axb5 axb5 13. Rb1 Be6 14. Bb2 Qc8 15.
Nd5 Bxd5 16. exd5 Nb4 17. c3 Na6 18. Nd4 Qc5 19. Nc6 Rb7 20. c4 bxc4 21. Bd4
Qb5 22. bxc4 Qxb1 23. Qxb1 Rxb1 24. Nxe7+ Kh8 25. Rxb1 Re8 26. Nc6 Ne4 27. Be3
Nac5 28. Bxe4 Nxe4 29. Rb7 Kg8 30. Rd7 Bf8 31. Kg2 h6 32. h4 Nf6 33. Ra7 h5 34.
Bd4 Ng4 35. Ra5 Re2 36. Ra8 f6 37. c5 Kg7 38. Nd8 dxc5 39. Ne6+ Rxe6 40. dxe6
cxd4 41. Ra7+ Kg8 42. e7 Bxe7 43. Rxe7 Ne5 44. Re6 Kf7 45. Rd6 d3 46. f4 Ng4
47. Rxd3 f5 48. Kf3 Ke6 49. Ra3 Nf6 50. Ke3 Ne4 51. Kd4 Kf6 52. Rb3 Ke6 53. Re3
Kd6 54. Rxe4 fxe4 55. Kxe4 Ke6 56. Kf3 Kf5 57. g4+ Kf6 58. gxh5 gxh5 59. Ke4
Ke6 60. f5+ Kf6 61. Kf4 Kf7 62. Kg5 Kg7 63. Kxh5 Kf6 64. Kg4 1-0

[Event "Chigorin Memorial"]
[Site "St Petersburg"]
[Date "2015.10.05"]
[Round "3.126"]
[White "Pimenov, Valeri"]
[Black "Yun, Vyacheslav"]
[Result "1-0"]
[WhiteElo "2171"]
[BlackElo "1770"]
[PlyCount "81"]
[EventDate "2015.10.03"]
[EventRounds "9"]
[EventCountry "RUS"]

1. e4 Nf6 2. e5 Nd5 3. d4 d6 4. Nf3 Bg4 5. Be2 c6 6. h3 Bxf3 7. Bxf3 dxe5 8.
dxe5 e6 9. O-O Nd7 10. Re1 Bc5 11. Bxd5 cxd5 12. Be3 Qb6 13. Nc3 Bxe3 14. Rxe3
O-O 15. Qg4 Qxb2 16. Qd1 Qb6 17. Rb1 Qc6 18. Nb5 Nc5 19. Nd6 b6 20. f4 Rad8 21.
Nb5 Ne4 22. Kh2 Qc5 23. Rbb3 a6 24. Nd4 Rc8 25. Rf3 Qc7 26. Ra3 a5 27. Rab3 h6
28. Rf1 Qd8 29. Kg1 Qe7 30. Rd3 Qc5 31. Kh2 Nc3 32. Qg4 Ne4 33. f5 Qc7 34. Qf4
exf5 35. Nxf5 Rcd8 36. Kh1 Ng5 37. Rg3 Ne6 38. Nxh6+ Kh7 39. Qh4 gxh6 40. Rf6
Ng7 41. Qxh6+ 1-0

[Event "Chigorin Memorial"]
[Site "St Petersburg"]
[Date "2015.10.05"]
[Round "3.127"]
[White "Caglar, Sila"]
[Black "Borisovsky, Dmitry"]
[Result "0-1"]
[WhiteElo "1804"]
[BlackElo "2169"]
[PlyCount "126"]
[EventDate "2015.10.03"]
[EventRounds "9"]
[EventCountry "RUS"]

1. e4 c5 2. Nf3 d6 3. d4 cxd4 4. Nxd4 Nf6 5. Nc3 a6 6. Bg5 e6 7. Qe2 b5 8. a3
Be7 9. f4 h6 10. Bxf6 Bxf6 11. O-O-O Nd7 12. f5 Ne5 13. fxe6 fxe6 14. Qh5+ g6
15. Qh3 Qe7 16. Be2 O-O 17. Kb1 Kg7 18. Rhf1 Bd7 19. Qe3 Rab8 20. Nf3 Bc6 21.
Nxe5 Bxe5 22. Rxf8 Rxf8 23. Na2 Qb7 24. Bf3 a5 25. h3 Ra8 26. Qb3 Re8 27. Qd3
Rb8 28. Qb3 b4 29. axb4 axb4 30. Qxe6 b3 31. cxb3 Bxe4+ 32. Ka1 Bxf3 33. gxf3
Qxb3 34. Qxb3 Rxb3 35. Nc3 Bxc3 36. bxc3 Rxc3 37. Rf1 Rc2 38. Rd1 Rf2 39. Rd3
Kf7 40. Re3 Rh2 41. f4 Rf2 42. Rd3 Ke6 43. Re3+ Kf5 44. Rd3 Kxf4 45. Rxd6 Kg5
46. Kb1 Rg2 47. Rd4 Rg3 48. h4+ Kh5 49. Kc2 Rg4 50. Rd6 Rxh4 51. Kd3 Rf4 52.
Ke3 Rf8 53. Rd4 g5 54. Rd2 Kg6 55. Ke4 g4 56. Rd5 h5 57. Ke3 h4 58. Ke2 h3 59.
Rd4 Kg5 60. Rd5+ Kh4 61. Rd1 h2 62. Rd7 Kg3 63. Rh7 Kg2 0-1

[Event "Chigorin Memorial"]
[Site "St Petersburg"]
[Date "2015.10.05"]
[Round "3.128"]
[White "Pogosian, Vladimir"]
[Black "Zakharov, Yuri"]
[Result "1-0"]
[WhiteElo "2167"]
[BlackElo "1733"]
[PlyCount "98"]
[EventDate "2015.10.03"]
[EventRounds "9"]
[EventCountry "RUS"]

1. e4 d6 2. d4 Nf6 3. Nc3 g6 4. Be2 Bg7 5. h4 h5 6. Bg5 c6 7. Qd2 Qc7 8. O-O-O
a6 9. Nh3 e5 10. f4 Bxh3 11. Rxh3 Nbd7 12. Rf1 Ng4 13. fxe5 dxe5 14. dxe5 Ndxe5
15. Kb1 O-O 16. Qc1 b5 17. Nd1 Qd7 18. Ne3 Qe6 19. Nxg4 Nxg4 20. Bxg4 Qxg4 21.
Qf4 Qe6 22. Rd3 Be5 23. Qe3 Rab8 24. Rfd1 b4 25. Rd7 Rfe8 26. Qf3 a5 27. Bf4
Rf8 28. g3 Qf6 29. Qe3 Rfe8 30. Bxe5 Rxe5 31. Qd3 Re7 32. Rxe7 Qxe7 33. Qd6 Re8
34. Qxc6 Qxe4 35. Qxe4 Rxe4 36. Kc1 Re2 37. Rd3 Re5 38. Kd2 Kg7 39. c4 bxc3+
40. bxc3 Kf6 41. c4 Ke6 42. Kc3 f6 43. Kd4 Kd6 44. Rb3 Rc5 45. Rf3 f5 46. Rb3
a4 47. Rb8 Re5 48. Rd8+ Kc7 49. Kxe5 Kxd8 1-0

[Event "Chigorin Memorial"]
[Site "St Petersburg"]
[Date "2015.10.05"]
[Round "3.129"]
[White "Gorodnichin, Leonid"]
[Black "Opanasenko, Mikhail"]
[Result "0-1"]
[WhiteElo "1798"]
[BlackElo "2153"]
[PlyCount "84"]
[EventDate "2015.10.03"]
[EventRounds "9"]
[EventCountry "RUS"]

1. e4 e6 2. d4 d5 3. e5 c5 4. c3 Qb6 5. Nf3 Nc6 6. Be2 cxd4 7. cxd4 Nh6 8. Nc3
Nf5 9. Na4 Qa5+ 10. Nc3 Qb6 11. Na4 Bb4+ 12. Kf1 Qc7 13. g4 Nfe7 14. a3 Ba5 15.
Be3 O-O 16. Bd3 f5 17. g5 Bd7 18. b4 Bb6 19. Nxb6 Qxb6 20. Rg1 Be8 21. b5 Nd8
22. Rb1 Bh5 23. Rg3 Ng6 24. Bd2 Nh4 25. Be2 Bxf3 26. Bxf3 Nxf3 27. Rxf3 Qxd4
28. Bb4 Qxd1+ 29. Rxd1 Re8 30. Rc3 a6 31. a4 axb5 32. axb5 f4 33. h4 Nf7 34.
Re1 Rec8 35. Rb3 Rc4 36. Rbb1 f3 37. Ra1 Rac8 38. g6 hxg6 39. Bd6 Rxh4 40. Kg1
Rcc4 41. Be7 Rcg4+ 42. Kf1 Rh1# 0-1

[Event "Chigorin Memorial"]
[Site "St Petersburg"]
[Date "2015.10.05"]
[Round "3.130"]
[White "Tsirulnik, Maritsa"]
[Black "Shirshov, Nikolay"]
[Result "1-0"]
[WhiteElo "2153"]
[BlackElo "1714"]
[PlyCount "195"]
[EventDate "2015.10.03"]
[EventRounds "9"]
[EventCountry "RUS"]

1. d4 Nf6 2. c4 g6 3. Nf3 Bg7 4. g3 O-O 5. Bg2 c5 6. d5 e6 7. Nc3 exd5 8. cxd5
d6 9. O-O Re8 10. Bf4 Ne4 11. Nxe4 Rxe4 12. Nd2 Rxf4 13. gxf4 Qf6 14. Rb1 Qxf4
15. e3 Qe5 16. Nc4 Qe7 17. a4 Nd7 18. e4 Ne5 19. Nxe5 Bxe5 20. f4 Bd4+ 21. Kh1
Qh4 22. b4 b6 23. Qd3 a5 24. b5 Bb7 25. Qf3 Qf6 26. Rbe1 Re8 27. Qg3 Qg7 28.
Rf3 Kf8 29. Rd3 f5 30. Rdd1 fxe4 31. Rxe4 Rxe4 32. Bxe4 Qf7 33. Qf3 Kg7 34. h3
Qf6 35. Rf1 Bc8 36. Qg2 Qh4 37. f5 g5 38. Qf3 Kf6 39. Kg2 h6 40. Bc2 Be5 41.
Rf2 Bd7 42. Re2 Be8 43. Re4 Qh5 44. Qd3 Bd7 45. Rg4 Be8 46. Qe4 Bd7 47. h4 Bf4
48. Kf3 Be5 49. Kf2 Bd4+ 50. Kf1 Be5 51. Qf3 Be8 52. Qh3 Bf7 53. Bd1 Be8 54.
Bf3 Qf7 55. hxg5+ hxg5 56. Qh6+ Ke7 57. Qxg5+ Qf6 58. Ke2 Bf7 59. Be4 Qxg5 60.
Rxg5 c4 61. Ke3 Kf6 62. Rg2 c3 63. Kd3 Bh5 64. Rg1 Bf7 65. Rh1 Kg7 66. Rh4 Bg8
67. Bf3 Bh7 68. Rc4 Bxf5+ 69. Be4 Bg4 70. Kc2 Kf6 71. Rc6 Bd4 72. Rxd6+ Ke5 73.
Rg6 Kxe4 74. Rxg4+ Kxd5 75. Kd3 Be5 76. Rg6 Bd6 77. Kxc3 Bb4+ 78. Kb3 Bc5 79.
Rg5+ Kd6 80. Kc4 Bf2 81. Rg6+ Ke5 82. Rg5+ Kd6 83. Kd3 Bc5 84. Ke4 Bf2 85. Rg2
Bh4 86. Rg6+ Kc5 87. Rc6+ Kb4 88. Rxb6 Kxa4 89. Kd3 Kb3 90. Rh6 Bg3 91. b6 a4
92. b7 Bc7 93. Rc6 Bb8 94. Rc8 a3 95. Rxb8 a2 96. Ra8 Kb2 97. b8=Q+ Ka1 98.
Rxa2+ 1-0

[Event "Chigorin Memorial"]
[Site "St Petersburg"]
[Date "2015.10.05"]
[Round "3.131"]
[White "Danielyan, Vahe"]
[Black "Kozyakov, Andrey"]
[Result "1-0"]
[WhiteElo "2151"]
[BlackElo "1628"]
[PlyCount "67"]
[EventDate "2015.10.03"]
[EventRounds "9"]
[EventCountry "RUS"]

1. e4 c5 2. Nc3 d6 3. Nf3 Nc6 4. d4 cxd4 5. Nxd4 Nf6 6. Bb5 Bd7 7. O-O g6 8.
Nxc6 Bxc6 9. Bxc6+ bxc6 10. Qf3 Qb6 11. b3 Bg7 12. Bb2 O-O 13. Na4 Qc7 14. c4
Rfd8 15. Rfe1 e5 16. Rac1 Nh5 17. g3 Bh6 18. Rc2 Ng7 19. c5 d5 20. exd5 Rxd5
21. Nc3 Rxc5 22. b4 e4 23. Qe2 Rf5 24. Nxe4 Re8 25. b5 c5 26. Qc4 Re6 27. f4
Qe7 28. Rce2 Bxf4 29. gxf4 Rxf4 30. Qc3 f5 31. Nf6+ Kf7 32. Nd5 Rg4+ 33. Kh1
Qf8 34. Rxe6 1-0